[Event "Bosnjaci op 27th"]
[Site "Bosnjaci"]
[Date "2023.01.04"]
[Round "3"]
[White "Zovko, Mario"]
[Black "Sajin, Mirko"]
[Result "1/2-1/2"]
[WhiteElo "2304"]
[BlackElo "2154"]
[PlyCount "44"]
[EventDate "2023.01.03"]
[EventType "swiss"]
[EventRounds "9"]
[EventCountry "CRO"]
[SourceTitle "CBM 212 Extra"]
[Source "ChessBase"]
[SourceDate "2023.03.31"]
[SourceVersion "1"]
[SourceVersionDate "2023.03.31"]
[SourceQuality "1"]

1. d4 Nf6 2. Nf3 g6 3. g3 Bg7 4. Bg2 0-0 5. 0-0 d5 6. c4 Nc6 7. cxd5 Nxd5 8. e4 Nb6 9. d5 Na5 10. Qe1 Nac4 11. Nc3 e6 12. Bg5 f6 13. Bc1 exd5 14. exd5 Re8 15. Qd1 Bg4 16. h3 Bxf3 17. Bxf3 Qd7 18. Bg2 f5 19. Qc2 Nd6 20. Bf4 Be5 21. Ne2 Ne4 22. Bxe5 Rxe5 1/2-1/2

[Event "CRO-chT1B 29th"]
[Site "Mali Losinj"]
[Date "2021.09.30"]
[Round "8.1"]
[White "Segovic, Goran"]
[Black "Zovko, Mario"]
[Result "1/2-1/2"]
[WhiteElo "2274"]
[BlackElo "2312"]
[PlyCount "30"]
[EventDate "2021.09.25"]
[EventType "team-tourn"]
[EventRounds "11"]
[EventCountry "CRO"]
[SourceTitle "CBM 204 Extra"]
[Source "ChessBase"]
[SourceDate "2021.11.30"]
[SourceVersion "1"]
[SourceVersionDate "2021.11.30"]
[SourceQuality "1"]
[WhiteTeam "Mihovljan Sloboda"]
[BlackTeam "Dubrovnik"]
[WhiteTeamCountry "CRO"]
[BlackTeamCountry "CRO"]

1. e4 e6 2. d4 d5 3. Nd2 Be7 4. Ngf3 Nf6 5. Bd3 c5 6. exd5 Qxd5 7. dxc5 Qxc5 8. 0-0 Nbd7 9. Re1 0-0 10. Qe2 b6 11. Ne4 Qc7 12. Nxf6+ Nxf6 13. Ne5 Bb7 14. Bg5 Rad8 15. Rad1 Nd5 1/2-1/2